División Político Administrativa de Colombia / (Registro nro. 11496)

Detalles MARC
000 -LEADER
fixed length control field 00847nam a2200217Ia 4500
003 - CONTROL NUMBER IDENTIFIER
control field OSt
005 - DATE AND TIME OF LATEST TRANSACTION
control field 20210413122545.0
008 - FIXED-LENGTH DATA ELEMENTS--GENERAL INFORMATION
fixed length control field 210310s1997 ck adb gr 000 0 spa d
040 ## - CATALOGING SOURCE
Original cataloging agency CO-JMCR
Transcribing agency CO-JMCR
041 0# - LANGUAGE CODE
Language code of text/sound track or separate title spa
082 04 - DEWEY DECIMAL CLASSIFICATION NUMBER
Classification number 911.861 /
Item number C718d
Edition number 23
110 2# - MAIN ENTRY--CORPORATE NAME
Corporate name or jurisdiction name as entry element Colombia.
Subordinate unit Departamento Administrativo Nacional de Estadistica, DANE
9 (RLIN) 10536
245 10 - TITLE STATEMENT
Title División Político Administrativa de Colombia /
Statement of responsibility, etc. Departamento Administrativo Nacional de Estadistica, DANE
260 ## - PUBLICATION, DISTRIBUTION, ETC.
Place of publication, distribution, etc. Bogotá :
Name of publisher, distributor, etc. Departamento De Planeación,
Date of publication, distribution, etc. 1997.
300 ## - PHYSICAL DESCRIPTION
Other physical details 291 páginas :
Extent ilustraciones y mapas en blanco y negro ;
Dimensions 28 cm.
505 0# - FORMATTED CONTENTS NOTE
Formatted contents note Entidades territoriales.
650 14 - SUBJECT ADDED ENTRY--TOPICAL TERM
Topical term or geographic name entry element División político administrativa.
General subdivision Municipios
9 (RLIN) 25687
650 24 - SUBJECT ADDED ENTRY--TOPICAL TERM
Topical term or geographic name entry element Departamentos.
General subdivision Municipios
9 (RLIN) 36766
650 24 - SUBJECT ADDED ENTRY--TOPICAL TERM
Topical term or geographic name entry element Distribución geográfica
9 (RLIN) 36767
942 ## - ADDED ENTRY ELEMENTS (KOHA)
Source of classification or shelving scheme Dewey Decimal Classification
Koha item type Books
Existencias
Withdrawn status Lost status Source of classification or shelving scheme Damaged status Not for loan Home library Current library Shelving location Date acquired Source of acquisition Full call number Barcode Date last seen Copy number Price effective from Koha item type
    Dewey Decimal Classification     Biblioteca Pública José María del Castillo y Rada Biblioteca Pública José María del Castillo y Rada General Stacks 04/15/2018 Donación 911.861 / C718d 430012234 05/16/2024 Ej.1 03/10/2021 Books